00843nam a2200193Ia 4500999001500000003000900015005001700024008004100041040002800082090002100110110006300131245010700194260008100301300004400382504002400426650003800450942001200488952014900500 c2675d2675DO-SdBJH20180416180620.0180414s9999 dr 000 0 spa d aDO-SdBJHbspacDO-SdBJH aDM FM 46-1 1992 aInstituto de Cooperación para la Seguridad Hemisférica10aFM 46-1 Operaciones de asuntos públicos / Instituto de Cooperación para la Seguridad Hemisférica aFuerte Benning, Georgia : Cuartel General Secretaría del Ejército, 1992 avi, 81 páginas en varias paginaciones aIncluye apéndices 4aOperaciones -- Asuntos públicos 2ddccBK 00102ddc40708DMaBEGEMbBEGEMcGENd2018-04-14i18-EERD-01053l0oDM FM 46-1 1992p18-EERD-01053r2018-04-14 00:00:00tEj.1w2018-04-14yBK